Diet manual; (Record no. 70194)
[ view plain ]
| 000 -LEADER | |
|---|---|
| fixed length control field | 00762cam a22002411 4500 |
| 001 - CONTROL NUMBER | |
| control field | sa 66005900 |
| 003 - CONTROL NUMBER IDENTIFIER | |
| control field | DLC |
| 005 - DATE AND TIME OF LATEST TRANSACTION | |
| control field | 20260227112252.0 |
| 008 - FIXED-LENGTH DATA ELEMENTS--GENERAL INFORMATION | |
| fixed length control field | 750930s1961 xx 000 0 eng |
| 010 ## - LIBRARY OF CONGRESS CONTROL NUMBER | |
| LC control number | sa 66005900 |
| 035 ## - SYSTEM CONTROL NUMBER | |
| System control number | (OCoLC)1664367 |
| 040 ## - CATALOGING SOURCE | |
| Original cataloging agency | DLC |
| Transcribing agency | ViU |
| Modifying agency | DLC |
| 042 ## - AUTHENTICATION CODE | |
| Authentication code | premarc |
| 050 00 - LIBRARY OF CONGRESS CALL NUMBER | |
| Classification number | TX551 |
| Item number | .R16 1961 |
| 100 2# - MAIN ENTRY--PERSONAL NAME | |
| Personal name | Radhakrishna Rao, Mattergunta Venkata, |
| Dates associated with a name | 1903- |
| 245 10 - TITLE STATEMENT | |
| Title | Diet manual; |
| Remainder of title | a compilation of diets recommended in health and disease, |
| Statement of responsibility, etc. | by M. V. Radhakrishna Rao. |
| 250 ## - EDITION STATEMENT | |
| Edition statement | 2d ed. |
| 260 ## - PUBLICATION, DISTRIBUTION, ETC. | |
| Place of publication, distribution, etc. | [Bombay, |
| Name of publisher, distributor, etc. | Director, Govt. Print. and Stationery, Maharashtra State, |
| Date of publication, distribution, etc. | 1961] |
| 300 ## - PHYSICAL DESCRIPTION | |
| Extent | ii, 206 p. 25 cm. |
| 500 ## - GENERAL NOTE | |
| General note | At head of title: Govt. of Maharashtra. |
| 650 #0 - SUBJECT ADDED ENTRY--TOPICAL TERM | |
| Topical term or geographic name entry element | Diet. |
| 650 #0 - SUBJECT ADDED ENTRY--TOPICAL TERM | |
| Topical term or geographic name entry element | Diet in disease. |
No items available.